banner koha

A avicultura de corte (Registro n. 273542)

MARC details
000 -LÍDER
campo de controle de tamanho fixo 00916nac a22002897a 4500
001 - NÚMERO DE CONTROLE
campo de controle BR8109014
003 - IDENTIFICADOR DO NÚMERO DE CONTROLE
campo de controle BR-BrBNA
005 - DATA E HORÁRIO DA ÚLTIMA TRANSAÇÃO
campo de controle 20240105115202.0
008 - CAMPO DE DADOS FIXOS--INFORMAÇÃO GERAL
campo de controle de tamanho fixo 230509b bl.|||m| |||| 00| 0 por d
040 ## - FONTE DA CATALOGAÇÃO
Instituição da catalogação original BR-BrBNA
Idioma da catalogação por
Instituição que transcreveu o registro Biblioteca Nacional de Agricultura
072 ## - CÓDIGO DE CATEGORIA DE ASSUNTO
Código de Categoria de Assunto E16; E70
090 ## - NÚMERO DE CHAMADA LOCAL
Número de chamada 6100 BR8109014
100 1# - ENTRADA PRINCIPAL--NOME PESSOAL
Nome pessoal Scatolini, M.M.
110 1# - ENTRADA PRINCIPAL--NOME CORPORATIVO
Nome corporativo ou nome da jurisdição Companhia Brasileira de Armazenamento, Brasilia, DF (Brasil). Depto. de Operacoes de Unidades Frigorificas
9 (RLIN) 2309
245 1# - TÍTULO
Título A avicultura de corte
260 3# - PUBLICAÇÃO, DISTRIBUIÇÃO, ETC.
Local de publicação, distribuição, etc. Brasilia, DF (Brasil):
Data da publicação, distribuição, etc. 1981.
300 ## - DESCRIÇÃO FÍSICA
Extensão 13 p.
490 ## - TÍTULO DA SÉRIE
Título da série Informativo Tecnico DEFRI - Companhia Brasileira de Armazenamento (Brazil)
Número do volume ou designação sequencial da série no. 6
ISSN - International Standard Serial Number
650 ## - ASSUNTO--TERMO TÓPICO
Cabeçalho tópico ou nome geográfico FRANGO DE CORTE
650 ## - ASSUNTO--TERMO TÓPICO
Cabeçalho tópico ou nome geográfico ARMAZENAMENTO
650 ## - ASSUNTO--TERMO TÓPICO
Cabeçalho tópico ou nome geográfico PRECO
650 ## - ASSUNTO--TERMO TÓPICO
Cabeçalho tópico ou nome geográfico EXPORTACAO
650 ## - ASSUNTO--TERMO TÓPICO
Cabeçalho tópico ou nome geográfico CONGELAMENTO
650 ## - ASSUNTO--TERMO TÓPICO
Cabeçalho tópico ou nome geográfico CONSUMO
909 ## -
-- 202312
-- Lúcia Elande
-- 55
-- Lúcia Elande
942 ## - ELEMENTOS DE ENTRADA ADICIONADOS (KOHA)
Fonte da classificação ou esquema de arquivamento na estante Classificação AGRIS
Ocultar no OPAC Não
Tipo de material Koha Monografia Seriada
Exemplares
Situação do descarte Fonte da classificação ou esquema de arquivamento na estante Situação física Não pode ser emprestado Coleção Biblioteca de origem Biblioteca atual Localização na estante Total de empréstimos Número de telefone completo Código de barras Data de último acesso Tipo de material Koha Fonte de aquisição
  Classificação AGRIS       Biblioteca Nacional de Agricultura - Binagri Biblioteca Nacional de Agricultura - Binagri Agrobase - Acervo Geral   6100 BR8109014 6100 BR8109014 18/12/2023 Monografia Seriada Portaria Interministerial nº 164/94

BINAGRI

Telefone: (61)3218-2567/2388/3357/2097 - binagri@agro.gov.br

Ministério da Agricultura e Pecuária , Esplanada dos Ministérios, Bloco D, Anexo B, Brasília/DF, CEP: 70.043-900